00975nam a2200145 a 4500008004100000020001500041041000800056100001900064245003400083250005300117260005500170300001000225500009200235505050200327190531s2001 ag ||||gr|||| 001 f spa d a9507530908 aspa1 aSarfati, Sonia aVéronique /cSarfati, Sonia a1a ed.bTraducción Valeria Castelló- Joubert aBuenos Aires:bCántaro ; Puerto de Palos;c2001. a97 p. aSarfati, S. (2001). Véronique. (1a ed.). Buenos Aires : Cántaro ; Puerto de Palos. aGabrielle y Véronique son casi como hermanas. Tienen quince años y se conocen profundamente. Sin embargo algo comienza a cambiar entre ellas. Mientras Gabrielle se enamora por primera vez, Véronique se vuelve posesiva y envidiosa. Está obsesionada con ser cada vez más delgada. Y quiere lograrlo a cualquier precio. Pero Gabrielle no está dispuesta a ver cómo su mejor amiga pierde el apetito por la vida. Es hora de que, juntas, prueben que son de "la raza de los sobrevivientes".